000 004950000a22001810004500
003 MACL
005 20151028111820.0
008 151028b xxu||||| |||| 00| 0 eng d
040 _aMACL
_cMACL
041 _aEnglish
082 _a020/RAJ
100 _aRajgopalan, A.
_917101
245 _aLibraries Of The Digital Age
_bIssues & Challanges
260 _bSBS Publishers & Distributors Pvt. Ltd.
_c2007
_aNew Delhi
350 _a625
650 _aLibrary Science
_957
942 _cBK
_k020/RAJ
_2ddc
999 _c44649
_d44649